| 000 | 00758nam a2200193 a 4500 | ||
|---|---|---|---|
| 003 | 0 | ||
| 005 | 20250218151248.0 | ||
| 008 | 110617s19uu xx 00 eng d | ||
| 050 |
_aPHS QA 20.E25 _b.C32 2011 |
||
| 100 | _aCecilio, Paolo Miguel E. | ||
| 245 |
_aFactors affecting the difficulties in the study of mathematics among high school IV students / _cPaolo Miguel E. Cecilio. |
||
| 260 |
_aLas PiƱas City, Philippines : _bSouthville International School and Colleges, _c2011. |
||
| 300 |
_a30 pages : _billustrations ; _c28 cm. |
||
| 504 | _aIncludes bibliographical references. | ||
| 650 |
_aMathematics _xLearning difficulties. |
||
| 650 |
_aMathematics _xPsychological aspects. |
||
| 650 |
_aLearning disabilities _xMathematics. |
||
| 942 |
_2lcc _cPASS |
||
| 999 |
_c98526 _d98526 |
||